Elementos de literatura
保存先:
| 第一著者: | |
|---|---|
| フォーマット: | 図書 |
| 言語: | Undetermined |
| 出版事項: |
Madrid, España
Diario de Barcelona
1925
|
| 主題: | |
| タグ: |
タグ追加
タグなし, このレコードへの初めてのタグを付けませんか!
|
MARC
| LEADER | 00000nam a2200000Ia 4500 | ||
|---|---|---|---|
| 008 | 170316s9999 xx 000 0 und d | ||
| 090 | |a 801 C-24e | ||
| 100 | |a Coll y Vehí, José | ||
| 245 | |a Elementos de literatura | ||
| 260 | |a Madrid, España | ||
| 260 | |b Diario de Barcelona | ||
| 260 | |c 1925 | ||
| 300 | |a 443 páginas | ||
| 650 | |a TEORÍA LITERARIA | ||
| 650 | |a PRECEPTIVA | ||
| 650 | |a ELOCUCION | ||
| 999 | |c 20179 |d 20179 | ||
| 040 | |a cru BVZT | ||
| 942 | |c 15 D |h 801 C-24e |2 z | ||
